La métamorphose et l'instant : désorganisation de la vie /

Saved in:
Bibliographic Details
Main Author: Manchev, Boyan.
Format: Book
Language:French
Published: Strasbourg : Éditions de la Phocide, ©2009.
Series:Philosophie, d'autre part.
Subjects:
Tags: Add Tag
No Tags, Be the first to tag this record!
LEADER 01182cam a2200361Ia 4500
001 012337643-2
005 20140923170755.0
008 091012s2009 fr a b 000 0 fre d
020 |a 2917694025 
020 |a 9782917694022 
035 0 |a ocn468417709 
040 |a TZT  |b eng  |c TZT  |d NYP  |d YUS  |d OCLCQ  |d OCLCF  |d OCLCQ 
050 4 |a BD435  |b .M363 2009 
072 7 |a B  |2 lcco 
082 1 4 |a 199  |2 1 
100 1 |a Manchev, Boyan. 
245 1 3 |a La métamorphose et l'instant :  |b désorganisation de la vie /  |c Boyan Manchev. 
260 |a Strasbourg :  |b Éditions de la Phocide,  |c ©2009. 
300 |a 140 pages :  |b color illustrations ;  |c 21 cm. 
336 |a text  |b txt  |2 rdacontent 
337 |a unmediated  |b n  |2 rdamedia 
338 |a volume  |b nc  |2 rdacarrier 
490 1 |a Philosophie, d'autre part 
504 |a Includes bibliographical references. 
648 7 |a 2000 - 2099  |2 fast 
650 0 |a Life. 
650 0 |a Philosophy, Bulgarian  |y 21st century. 
650 7 |a Life.  |2 fast  |0 (OCoLC)fst01198505 
650 7 |a Philosophy, Bulgarian.  |2 fast  |0 (OCoLC)fst01060909 
653 |a Contemporary Bulgarian philosophy 
830 0 |a Philosophie, d'autre part. 
988 |a 20100504 
906 |0 OCLC